Money - market investment : The risk and the return

Enregistré dans:
Détails bibliographiques
Format: Livre
Langue:Undetermined
Publié: New York Morgan Guaranty Trust 1964
Sujets:
Tags: Ajouter un tag
Pas de tags, Soyez le premier à ajouter un tag!
Thư viện lưu trữ: Trung tâm Học liệu Trường Đại học Cần Thơ
LEADER 00479nam a2200169Ia 4500
001 CTU_99228
008 210402s9999 xx 000 0 und d
082 |a 658.1 
082 |b M742 
245 0 |a Money - market investment : 
245 4 |b The risk and the return 
260 |a New York 
260 |b Morgan Guaranty Trust 
260 |c 1964 
650 |a Banks and banking,Investment economic 
904 |i Truc, Q. Hieu 
980 |a Trung tâm Học liệu Trường Đại học Cần Thơ